000 02809nam a2200445 i 4500
003 DO-SdBNP
005 20260522114734.0
007 ta
008 250403t2024 dr ao 001 ||spa d
020 _z9789945629422
040 _aDO-SdBNP
_bspa
_cBNPHU
_erda
082 _a792.028
_bH557
_222
100 1 _aHernández, Edith
_eautora
_4aut.
_959742
245 1 3 _aEl trac en los artistas :
_bun estudio sobre el miedo al escenario /
_cEdith Hernández : prólogo, Leonor Elmúdesi de Bancalari : edición, José Alcántara Almánzar, Elvis Francis Soto : ilustraciones de interior Fernely Lebrón ; fotografías de interior Rubén Darío Abud Pérez, Luis Nova, Renato David Soto y Mikael Erwanig Pasco
250 _aPrimera edición
264 _aSanto Domingo :
_bBanco Central de la República Dominicana,
_c2024.
300 _a273 páginas
_bilustraciones, fotografías a color
_c23 cm.
336 _atexto
_btxt
_2rdacontent
337 _asin mediación
_bn
_2rdamedia
338 _avolumen
_bnc
_2rdacarrier
490 1 _aColección del Banco Central de la República Dominicana,
_v312
_aArte y literatura,
_v116
500 _aIncluye datos biográficos de la autora en la solapa de la portada.
500 _aIncluye índice onomástico.
504 _aBibliografía p: 250-253.
505 _tPrólogo, --
_tPórtico, --
_gCapítulo I. --
_tLas raíces del arte, --
_gCapítulo II. --
_tEl TRAC o miedo al escenario en los artistas, --
_gCapítulo III. --
_tFuentes documentales sobre el TRAC, --
_gCapítulo IV. --
_tReflexiones sobre el miedo al escenario, --
_gCapítulo V. --
_tAspectos de una tesis sobre el trac en los músicos, --
_gCapítulo VI. --
_tLas presentaciones artísticas y las teorías sobre el miedo al escenario, --
_gCapítulo VII. --
_tEl Trac según el instrumento y la especialidad musical, --
_gCapítulo VIII. --
_tUna propuesta de solución para el TRAC, --
_tEpílogo, --
_tGlosario, --
_tAgradecimientos, --
_tBibliografía, --
_tÍndice onomástico, --
_tColección del Banco Central de la Repùblica Dominicana, /
590 _aInventariado, 2025/ YL
650 7 _aMiedo al público
_987339
650 7 _aActuación teatral
_925438
650 0 _aArtistas
_987340
700 1 _aElmúdesi de Bancalari, Leonor
_eprólogo
_4prol.
_987341
700 1 _aAlcántara Almánzar, José
_eedición
_4ed.
_987139
700 1 _aSoto, Elvis Francis
_eedición
_4ed.
_939156
700 1 _aLebrón, Fernely
_eilustraciones de interior
_4il.
_976520
700 1 _aAbud Pérez, Rubén Darío
_efotografías de interior
_4fot.
_987342
700 1 _aNova, Luis
_efotografías de interior
_4fot.
_936995
700 1 _aSoto,Renato David
_efotografías de interior
_4fot.
_987343
700 1 _aErwanig Pasco, Mikael
_efotografías de interior
_4fot.
_987344
910 _aYLockward
942 _2ddc
_cLBS1
999 _c58612
_d58612